00378cam a22001333a 4500020002200000040000800022082002600030100002300056245004100079260003600120300002800156500004300184700001700227 a0439276187 (pbk.) cYVO a813 SCH 2002 A097 Or.1 aPoploff, Michelle.10aField trip to Flying Feathers Farm / aNew York :bScholastic,cc2002. a48 p. :bill. ;c20 cm. a"Scholastic, Little Apple paperbacks."1 aBasso, Bill.